| 000 | 00608nam a2200229Ia 4500 | ||
|---|---|---|---|
| 003 | OSt | ||
| 005 | 20250808094234.0 | ||
| 008 | 210719s2015 xx 000 0 und d | ||
| 020 | _a9788131526552 | ||
| 040 | _cAL | ||
| 041 | _aeng | ||
| 082 | _a636.1089 HENE | ||
| 100 |
_aHenderson, Bonny _9214863 |
||
| 245 | _aEquine health and emergency management | ||
| 260 |
_aDelhi _bCengage learning _c2015 |
||
| 300 |
_axviii,684p. _bPB |
||
| 365 |
_b1395 _cRs |
||
| 650 |
_aAnimal Husbandry _9214864 |
||
| 650 |
_aZoology _9214865 |
||
| 906 | _aemergency ; Equine ; health ; management | ||
| 942 |
_2ddc _cREF |
||
| 999 |
_c212012 _d212012 |
||